000 00427nam a2200181Ia 4500
008 230524s9999 xx 000 0 und d
020 _a9971512017
082 _a5.133
_bSTE
100 _aN.Stern
245 0 _aStuctured Cobol Programming
250 _a8TH
260 _aNEW DELHI
_bJohnwiley
_c1998
300 _aXIV;773
500 _aQuantity Number: 16
650 _aComp-Sc
700 _a Robert Stern
942 _cBK
999 _c24326
_d24326